| 000 | 00847nam a2200265 a 4500 | ||
|---|---|---|---|
| 001 | BRL_72 | ||
| 005 | 20190320210557.0 | ||
| 008 | 750703s1969 mx-abeh##b---#000-0#spa-# | ||
| 041 | _aspa | ||
| 044 | _amx | ||
| 050 | 4 |
_aNA5256 _b.G87 1969 |
|
| 100 | 1 |
_aGustin, Monique _922830 |
|
| 245 | 1 | 0 |
_aEl barroco en la Sierra Gorda _bmisiones franciscanas en el Estado de Querétaro, siglo XVIII _cpor Monique Gustin. |
| 260 |
_aMéxico _bINAH _c1969 |
||
| 300 |
_a287 p. _bil., mapas _c23 cm. |
||
| 440 | 0 |
_aDepartamento de Monumentos Coloniales _v20 _922831 |
|
| 500 | _aCon ilustraciones al final, 78 p. | ||
| 500 | _aAu106 | ||
| 504 | _aBibliografía : p. 271-287 | ||
| 650 | 1 | 4 |
_aArquitectura religiosa _zMéxico _924 |
| 650 | 1 | 4 |
_aArquitectura barroca _zMéxico _923 |
| 651 | 4 |
_aQuéretaro _ySiglo XVIII _922832 |
|
| 902 | _aGRL | ||
| 942 |
_2lcc _cB |
||
| 999 |
_c8885 _d8885 |
||